The prophet / (Record no. 136035)

MARC details
000 -LEADER
fixed length control field 00652nam a22002297a 4500
005 - DATE AND TIME OF LATEST TRANSACTION
control field 20170124110253.0
010 ## - LIBRARY OF CONGRESS CONTROL NUMBER
LC control number A-794215
020 ## - INTERNATIONAL STANDARD BOOK NUMBER
Terms of availability 00.00
International Standard Book Number 8121604370
035 ## - SYSTEM CONTROL NUMBER
System control number A-794215
037 ## - SOURCE OF ACQUISITION
Source of stock number/acquisition Cen Lib/Ret
040 ## - CATALOGING SOURCE
Original cataloging agency DPL
Language of cataloging EN
082 ## - DEWEY DECIMAL CLASSIFICATION NUMBER
Classification number 181.2
Item number GIB
100 ## - MAIN ENTRY--PERSONAL NAME
Personal name Gibran, Kahlil
9 (RLIN) 23481
245 ## - TITLE STATEMENT
Title The prophet /
Statement of responsibility, etc by Kahlil Gibran
246 ## - VARYING FORM OF TITLE
Remainder of title
260 ## - PUBLICATION, DISTRIBUTION, ETC. (IMPRINT)
Place of publication, distribution, etc Delhi
Name of publisher, distributor, etc Hindi Pocket Books
Date of publication, distribution, etc 1995
270 ## - ADDRESS
City Delhi
Address 18-19, Dilshad garden
Postal code 110095
300 ## - PHYSICAL DESCRIPTION
Extent 134p. :
Dimensions 17cm(Hb)
Other physical details ill.
650 ## - SUBJECT ADDED ENTRY--TOPICAL TERM
Topical term or geographic name as entry element Prose poems, American.
9 (RLIN) 100763
650 ## - SUBJECT ADDED ENTRY--TOPICAL TERM
Topical term or geographic name as entry element Mysticism -- Poetry.
9 (RLIN) 100764
942 ## - ADDED ENTRY ELEMENTS (KOHA)
Source of classification or shelving scheme Dewey Decimal Classification
Koha item type English Books
Classification part 181.2
Call number suffix GIB
Holdings
Withdrawn status Lost status Damaged status Not for loan Home library Current library Date acquired Source of acquisition Cost, normal purchase price Total Checkouts Full call number Barcode Date last seen Date checked out Copy number Cost, replacement price Price effective from Koha item type
        Central Library Central Library 13/10/2015 Cen Lib/Ret 0.00 3 181.2 GIB A-794215 04/08/2025 25/06/2025 1 0.00 13/10/2015 English Books

© Delhi Public Library
Hit Counter
free hit counter